<?xml version="1.0" encoding="UTF-8"?>
<record
    xmlns:xsi="http://www.w3.org/2001/XMLSchema-instance"
    xsi:schemaLocation="http://www.loc.gov/MARC21/slim http://www.loc.gov/standards/marcxml/schema/MARC21slim.xsd"
    xmlns="http://www.loc.gov/MARC21/slim">

  <leader>01009cam a2200193 i 4500</leader>
  <controlfield tag="005">20260701152955.0</controlfield>
  <datafield tag="020" ind1=" " ind2=" ">
    <subfield code="a">9789361569876</subfield>
  </datafield>
  <datafield tag="041" ind1=" " ind2=" ">
    <subfield code="a">ENG</subfield>
  </datafield>
  <datafield tag="082" ind1=" " ind2=" ">
    <subfield code="a">327.54</subfield>
    <subfield code="b">SRE</subfield>
  </datafield>
  <datafield tag="100" ind1="1" ind2=" ">
    <subfield code="a">Sreeram, Chaulia</subfield>
  </datafield>
  <datafield tag="245" ind1="1" ind2="0">
    <subfield code="a">Friends :</subfield>
    <subfield code="b">India's closest strategic partners /</subfield>
    <subfield code="c">Sreeram Chaulia.</subfield>
  </datafield>
  <datafield tag="260" ind1=" " ind2=" ">
    <subfield code="a">New Delhi :</subfield>
    <subfield code="b">Rupa Publication ,</subfield>
    <subfield code="c">2024 .</subfield>
  </datafield>
  <datafield tag="300" ind1=" " ind2=" ">
    <subfield code="a">296 pages ;</subfield>
    <subfield code="c">23 cm .</subfield>
  </datafield>
  <datafield tag="504" ind1=" " ind2=" ">
    <subfield code="a">Includes bibliographical references and index.</subfield>
  </datafield>
  <datafield tag="505" ind1=" " ind2=" ">
    <subfield code="a">1. Feeding the koi fish: Japan and India in Broader Asia -- 2. Reaching the top tier: Australia and India in a new era -- 3. Two Great Powers: The USA and India in the Asian century  -- 4. The Long Bear Hug: Russia and India Against All Odds  --  5. Independent and Aligned: France and India in a Multipolar World --  6. Brothers in Arms: Israel and India Take on Common Dangers --  7. I Too, You Too: The UAE and India in a Transformative Embrace</subfield>
  </datafield>
  <datafield tag="650" ind1=" " ind2=" ">
    <subfield code="a">Foreign relations</subfield>
    <subfield code="y">21st century</subfield>
  </datafield>
  <datafield tag="650" ind1=" " ind2=" ">
    <subfield code="a">Strategic partnerships.</subfield>
  </datafield>
  <datafield tag="942" ind1=" " ind2=" ">
    <subfield code="2">ddc</subfield>
    <subfield code="c">BK</subfield>
  </datafield>
  <datafield tag="999" ind1=" " ind2=" ">
    <subfield code="c">24369</subfield>
    <subfield code="d">24369</subfield>
  </datafield>
  <datafield tag="952" ind1=" " ind2=" ">
    <subfield code="0">0</subfield>
    <subfield code="1">0</subfield>
    <subfield code="2">ddc</subfield>
    <subfield code="4">0</subfield>
    <subfield code="7">0</subfield>
    <subfield code="a">IPE</subfield>
    <subfield code="b">IPE</subfield>
    <subfield code="c">S Campus</subfield>
    <subfield code="d">2026-07-01</subfield>
    <subfield code="e">Feel Books Pvt</subfield>
    <subfield code="g">795.00</subfield>
    <subfield code="i">20-04-2026</subfield>
    <subfield code="l">0</subfield>
    <subfield code="o">327.54 CHA</subfield>
    <subfield code="p">51064</subfield>
    <subfield code="r">2026-07-01 14:45:38</subfield>
    <subfield code="w">2026-07-01</subfield>
    <subfield code="y">BK</subfield>
  </datafield>
</record>
